000 00540nam a22002057a 4500
003 OSt
005 20180419183043.0
008 171214b xxu||||| |||| 00| 0 eng d
020 _a978-8178002088
020 _a 8178002086
040 _cDDC
082 _a604.2 VEN 2009
100 _aVenkata, K. Reddy
_912320
245 _aTextbook of Engineering Drawing with AutCAD
250 _a4th ed.
260 _aSultan Bazar; BS Publications
300 _axviii,452p; ill: 24cm
650 _aEngineering drawings
_912321
942 _2z
_cB_BANK
999 _c5935
_d5935